|
|
|
|
| LEADER |
00000naa0a2200000 4500 |
| 001 |
597247 |
| 005 |
20250204162345.0 |
| 035 |
|
|
|a (RuTPU)RU\TPU\tpu\20468
|
| 035 |
|
|
|a RU\TPU\tpu\664
|
| 090 |
|
|
|a 597247
|
| 100 |
|
|
|a 20120111d1940 k||y0rusy50 ba
|
| 101 |
0 |
|
|a ger
|
| 102 |
|
|
|a RU
|
| 200 |
1 |
|
|a Der Einfluess einer konzentrierten Raumladung im Kalzit auf die elektrische Festigkeit
|f А. А. Worobjow, A. Wenderowitsch
|
| 333 |
|
|
|a В фонде НТБ ТПУ отсутствует
|
| 461 |
|
|
|t Physikalische Zeitschrift der Sowjetunion
|
| 463 |
|
|
|t Bd. 10, № 6
|v S. 413-420
|d 1936
|
| 610 |
1 |
|
|a физика
|
| 610 |
1 |
|
|a труды учёных ТПУ
|
| 700 |
|
1 |
|a Worobjow
|b А. А.
|c Russischer Physiker
|c Rektor der TPU, Professor
|f 1909-1981
|g Alexander Akimowitsch
|3 (RuTPU)RU\TPU\pers\25451
|4 070
|
| 701 |
|
1 |
|a Wenderowitsch
|b A.
|
| 801 |
|
0 |
|a RU
|b 63413507
|c 20011210
|g PSBO
|
| 801 |
|
2 |
|a RU
|b 63413507
|c 20120111
|g PSBO
|
| 942 |
|
|
|c CR
|